Newest New York Subway Stations - Statistics

General Stats
  • This quiz has been taken 24 times
  • The average score is 11 of 17
Answer Stats
Borough Opened Services Station % Correct
Manhattan September 13, 2015 7 34th Street–Hudson Yards
100%
Manhattan January 1, 2017 Q 72nd Street
95%
Manhattan January 1, 2017 Q 86th Street
95%
Manhattan January 1, 2017 Q 96th Street
95%
Queens December 11, 1950 F Jamaica–179th Street
80%
Manhattan October 29, 1989 F, Q Lexington Avenue–63rd Street
80%
Queens December 11, 1988 E Jamaica–Van Wyck
75%
Queens December 11, 1988 E, J Jamaica Center–Parsons/Archer
70%
Manhattan March 16, 2009 1 South Ferry/Whitehall Street
70%
Manhattan October 29, 1989 F Roosevelt Island
55%
Queens December 11, 1988 E, J Sutphin Boulevard–Archer Avenue–JFK Airport
55%
Queens October 29, 1989 F 21st Street–Queensbridge
45%
Manhattan July 1, 1968 F 57th Street
45%
Queens September 14, 1959 A Aqueduct Racetrack
45%
Manhattan May 13, 1968 3 Harlem–148th Street
45%
Manhattan November 26, 1967 B,D Grand Street
40%
Brooklyn April 29, 1956 A Grant Avenue
30%
No matching quizzes found
Score Distribution
Percent of People with Each Score
Percentile by Number Answered
Your Score History
You have not taken this quiz